Movie quotes 2 (please get over 61%) - Statistics

General Stats
  • This quiz has been taken 55 times
  • The average score is 6 of 10
Answer Stats
Quote and date Movie % Correct
My mama always said life was like a box of chocolates. You never know what you're gonna get (1994) Forrest gump
98%
I'm the king of the world! (Too easy) Titanic
84%
It's alive! It's alive! (1931) Frankenstein
82%
You're gonna need a bigger boat. (1975) Jaws
82%
Here's looking at you, kid. (1942) Casablanca
64%
They may take our lives, but they'll never take our freedom! (1995) Braveheart
62%
I'll have what she's having. (1989) When harry met sally
54%
P. Sherman, 42 Wallaby Way, Sydney. (Too easy man) Finding Nemo
42%
Curiouser and curiouser! (1951) Alice in Wonderland
12%
Keep your friends close, but your enemies closer. (Too easy) Godfather part 2
12%
No matching quizzes found
Score Distribution
Percent of People with Each Score
Percentile by Number Answered
Your Score History
You have not taken this quiz